|
|
|
|
| LEADER |
01031nam a2200325 4500 |
| 001 |
DLU120132806 |
| 005 |
##20120319 |
| 040 |
# |
# |
|a DLU
|b vie
|
| 041 |
# |
# |
|a vie
|b eng
|
| 044 |
# |
# |
|a vn
|
| 082 |
# |
# |
|a 577.3
|b TR-H
|
| 100 |
# |
# |
|a Trần Sĩ Huệ.
|
| 245 |
# |
# |
|a Dây rừng và chim thú ở cao nguyên Vân Hoà tỉnh Phú Yên /
|c Trần Sĩ Huệ.
|
| 260 |
# |
# |
|a H. :
|b Văn hoá dân tộc,
|c 2011.
|
| 300 |
# |
# |
|a 335 tr. :
|b minh hoạ ;
|c 21 cm.
|
| 504 |
# |
# |
|a Tài liệu tham khảo: sau mỗi phần.
|
| 505 |
# |
# |
|a Phần I. Dây rừng tại cao nguyên Vân Hoà -- Phần II. Chim thú tại huyện Sơn Hoà tỉnh Phú Yên.
|
| 546 |
# |
# |
|a Tài liệu viết bằng tiếng Việt, tóm tắt bằng tiếng Anh.
|
| 650 |
# |
# |
|a Sinh thái học rừng
|z Việt Nam
|z Phú Yên.
|
| 923 |
# |
# |
|a 02/2012
|
| 991 |
# |
# |
|a SH
|
| 992 |
# |
# |
|a 13460
|
| 994 |
# |
# |
|a DLU
|
| 900 |
# |
# |
|a True
|
| 911 |
# |
# |
|a Nguyễn Thanh Hương
|
| 925 |
# |
# |
|a G
|
| 926 |
# |
# |
|a A
|
| 927 |
# |
# |
|a SH
|
| 980 |
# |
# |
|a Thư viện Trường Đại học Đà Lạt
|